Videospiele 1 zu 1 übersetzt - Statistiken

Allgemein
  • Dieses Quiz wurde 3.363 mal gespielt
  • Das Durchschnittsergebnis liegt bei 10 aus 15
Antwortstatistiken
Hint Antwort % Korrekt
der Letzte von uns The Last of Us
99%
Raketenliga Rocket League
92%
Liga der Legenden League of Legends
91%
Tot bei Tageslicht Dead by Daylight
90%
Mienenhandwerk Minecraft
87%
es braucht zwei It takes two
83%
Rote Tote Erlösung Red Dead Redemption
82%
Welt des Krieghandwerks World of Warcraft
82%
schwerer Autodiebstahl Grand Theft Auto
81%
Floß Raft
71%
Unter uns Among us
59%
überwachen Overwatch
50%
Partyprügelei Pummel Party
15%
tödliche Gesellschaft Lethal Company
14%
Wildwechsel Animal Crossing
13%
Keine übereinstimmenden Quizze gefunden
Verteilung der Resultate
Anzahl Personen mit jedem Resultat
Perzentil nach korrekt beantworteten Fragen
Ihre Resultats-Entwicklung
Sie haben dieses Quiz noch nicht gespielt